[Event "Frankfurt Ch A 2016"]
[Site "Ffm-Höchst, BiKuZ"]
[Date "2016.05.30"]
[Round "5.42"]
[White "John, Volkmar"]
[Black "Rotermund, Verena"]
[Result "1-0"]
[WhiteElo "1625"]
[BlackElo "1731"]
[PlyCount "81"]
[EventDate "2016.??.??"]
[WhiteTeam "SK Herborn"]
[BlackTeam "Vorw.Orient Mainz"]

1. e4 e6 2. d4 d5 3. Nc3 Bb4 4. e5 c5 5. Bd2 cxd4 6. Nb5 Bf8 7. Nxd4 Bd7 8. f4
Nh6 9. Ngf3 Bc5 10. Bc3 O-O 11. Qd2 Nc6 12. O-O-O Qb6 13. Kb1 Rac8 14. h3 Nb4
15. g4 Ba4 16. Rc1 Kh8 17. Bxb4 Bxb4 18. c3 Be7 19. g5 Nf5 20. Nxf5 exf5 21.
Bd3 Bc5 22. Rhe1 Bd7 23. Bc2 Be6 24. Rcd1 a5 25. Nd4 a4 26. Bxa4 Qa5 27. Bb3 b5
28. Qd3 Bxd4 29. Qxd4 Rc4 30. Bxc4 dxc4 31. a3 Ra8 32. Qd6 g6 33. Qe7 Qb6 34.
Rd4 b4 35. Red1 h5 36. Rd8+ Rxd8 37. Qxd8+ Qxd8 38. Rxd8+ Kg7 39. axb4 f6 40.
exf6+ Kf7 41. b5 1-0

[Event "Frankfurt Ch A 2016"]
[Site "Ffm-Höchst, BiKuZ"]
[Date "2016.05.30"]
[Round "5.43"]
[White "Bittner, Peter"]
[Black "Winter, Olaf"]
[Result "1-0"]
[WhiteElo "1713"]
[BlackElo "1587"]
[PlyCount "45"]
[EventDate "2016.??.??"]
[WhiteTeam "SC Nied"]
[BlackTeam "SK Bad Homburg"]

1. b3 c5 2. Bb2 d6 3. e3 e6 4. Nf3 Nf6 5. d4 cxd4 6. exd4 Be7 7. Bd3 b6 8. Nbd2
Bb7 9. O-O O-O 10. c4 d5 11. Ne5 Nc6 12. Ndf3 dxc4 13. bxc4 Qc7 14. a3 Rad8 15.
Qe2 Nd7 16. Rac1 Ndxe5 17. dxe5 Na5 18. Rfd1 Rd7 19. Bc3 Nb3 20. Bxh7+ Kh8 21.
Rxd7 Bxf3 22. Qxf3 Qxd7 23. Qh5 1-0

[Event "Frankfurt Ch A 2016"]
[Site "Ffm-Höchst, BiKuZ"]
[Date "2016.05.30"]
[Round "5.45"]
[White "Bergner, Matthias"]
[Black "Krischak, Werner"]
[Result "1-0"]
[WhiteElo "1571"]
[BlackElo "1694"]
[PlyCount "147"]
[EventDate "2016.??.??"]
[WhiteTeam "SV Neu-Isenburg"]
[BlackTeam "SK Marburg"]

1. d4 d5 2. e3 Nf6 3. Nf3 Bg4 4. Be2 e6 5. b3 g6 6. Bb2 Bg7 7. Nbd2 O-O 8. O-O
Nbd7 9. c4 c6 10. cxd5 exd5 11. Rc1 Re8 12. b4 Qb6 13. a3 a6 14. Ne1 Bxe2 15.
Qxe2 a5 16. Nd3 Qb5 17. Nf4 Qxe2 18. Nxe2 a4 19. Nf4 Ne4 20. Nxe4 dxe4 21. Rc2
g5 22. Ne2 Nf6 23. Rfc1 Nd5 24. Nc3 Nb6 25. Ne2 f5 26. Rc5 Rf8 27. g3 Nd7 28.
R5c2 f4 29. gxf4 gxf4 30. Nxf4 Bh6 31. Ne2 Kf7 32. Ng3 Ke6 33. Nxe4 Kd5 34.
Nc3+ Ke6 35. Ne2 Rf5 36. Ng3 Rf3 37. Kg2 Raf8 38. Rf1 Bg5 39. Bc1 R8f7 40. Ne4
Be7 41. Nc5+ Bxc5 42. dxc5 Ne5 43. h3 R7f5 44. Bb2 Rg5+ 45. Kh2 Rh5 46. Bxe5
Kxe5 47. Rc4 Rfxh3+ 48. Kg2 R3h4 49. Rxh4 Rxh4 50. Kg3 Rc4 51. Rh1 Rc3 52. Rxh7
Ke4 53. Rxb7 Rxa3 54. Rb6 Kd5 55. Ra6 Kc4 56. Rxc6 Kxb4 57. Rc8 Kb5 58. c6 Kb6
59. Kf4 Rc3 60. Ra8 Rc4+ 61. e4 Kxc6 62. Kf5 Kb7 63. Rh8 a3 64. Rh3 Ra4 65. Rh1
a2 66. Ra1 Kc6 67. f4 Kc5 68. e5 Kd4 69. Kf6 Kc3 70. f5 Kb2 71. Rxa2+ Kxa2 72.
e6 Ra6 73. Kf7 Kb3 74. e7 1-0

[Event "Frankfurt Ch A 2016"]
[Site "Ffm-Höchst, BiKuZ"]
[Date "2016.05.30"]
[Round "5.46"]
[White "Stulken, Dietmar"]
[Black "Weiland, Thomas"]
[Result "0-1"]
[WhiteElo "1349"]
[BlackElo "1673"]
[PlyCount "92"]
[EventDate "2016.??.??"]
[WhiteTeam "SF Frankfurt"]
[BlackTeam "SV Oberursel"]

1. e4 c5 2. Nf3 Nc6 3. d4 cxd4 4. Nxd4 Nf6 5. Nc3 d6 6. Be2 g6 7. O-O Bg7 8.
Be3 O-O 9. f3 Bd7 10. Qd2 Re8 11. Bc4 a6 12. a4 Rc8 13. Bb3 Qa5 14. Nce2 Qxd2
15. Bxd2 Nxd4 16. Nxd4 Nxe4 17. Bxf7+ Kxf7 18. fxe4+ Kg8 19. c3 Rc4 20. a5
Bxd4+ 21. cxd4 Rxd4 22. Bc3 Rxe4 23. Rad1 Re2 24. Rd4 Bc6 25. Rf2 Rxf2 26. Kxf2
Rf8+ 27. Kg1 Rf5 28. Rd2 Bb5 29. Rf2 Kf7 30. Rxf5+ gxf5 31. Kf2 e5 32. g3 Ke6
33. Bd2 d5 34. Kf3 d4 35. h3 Bc6+ 36. Ke2 Bg2 37. h4 Kd5 38. Kf2 Bh3 39. Kf3
Kc4 40. Kf2 Kd3 41. Ke1 Bg4 42. b4 e4 43. Bf4 e3 44. Bd6 Ke4 45. Bf4 d3 46. Bd6
d2+ 0-1

[Event "Frankfurt Ch A 2016"]
[Site "Ffm-Höchst, BiKuZ"]
[Date "2016.05.30"]
[Round "5.47"]
[White "Höche, Alexander"]
[Black "Dohmes, Swidbert"]
[Result "1-0"]
[WhiteElo "1276"]
[BlackElo "1662"]
[PlyCount "97"]
[EventDate "2016.??.??"]
[WhiteTeam "vereinslos"]
[BlackTeam "SV Hofheim"]

1. d4 Nf6 2. c4 g6 3. Nc3 d5 4. cxd5 Nxd5 5. e4 Nxc3 6. bxc3 c5 7. Nf3 Bg7 8.
Be3 O-O 9. Be2 Nc6 10. O-O b6 11. Qd2 cxd4 12. cxd4 Re8 13. Rac1 Bd7 14. Ba6
Na5 15. Bf4 Bc8 16. Bb5 Bd7 17. Bc7 Qc8 18. Bxb6 Qb7 19. Bxd7 axb6 20. Bxe8
Rxe8 21. e5 e6 22. Rc2 Bf8 23. Rb1 Rc8 24. Rbc1 Rc6 25. Qe3 Qd7 26. Rxc6 Nxc6
27. Qc3 Ne7 28. Rb1 Nd5 29. Qb2 Bb4 30. Rc1 Nf4 31. Rc4 Ba5 32. Qc2 Kg7 33. Ng5
b5 34. Rc5 Bb6 35. Rc6 Qxd4 36. h4 Nd5 37. Nf3 Qg4 38. Qb1 Nf4 39. Qf1 Nh3+ 40.
Kh2 Bxf2 41. Qxb5 Qg3+ 42. Kh1 Be3 43. Qe2 Nf2+ 44. Kg1 Ng4+ 45. Kf1 Bf2 46.
Rc3 Bd4 47. Rd3 Bxe5 48. Nxe5 Nxe5 49. Rxg3 1-0

[Event "Frankfurt Ch A 2016"]
[Site "Ffm-Höchst, BiKuZ"]
[Date "2016.05.30"]
[Round "5.48"]
[White "Münstermann, Matthias"]
[Black "Koellner, Ulrich"]
[Result "1/2-1/2"]
[WhiteElo "1529"]
[BlackElo "1785"]
[PlyCount "81"]
[EventDate "2016.??.??"]
[WhiteTeam "SK Langen"]
[BlackTeam "SV Hofheim"]

1. d4 Nf6 2. c4 g6 3. Nc3 d5 4. cxd5 Nxd5 5. e4 Nxc3 6. bxc3 Bg7 7. Nf3 c5 8.
Bb5+ Bd7 9. Bxd7+ Qxd7 10. O-O O-O 11. Be3 cxd4 12. cxd4 Rd8 13. Qd3 Nc6 14.
Rfd1 Rac8 15. Rab1 b6 16. d5 Ne5 17. Nxe5 Bxe5 18. Bd4 Bxd4 19. Qxd4 Rc2 20.
Rb2 Rdc8 21. h3 Rxb2 22. Qxb2 Qa4 23. Rd4 Qc2 24. Qxc2 Rxc2 25. a4 Kf8 26. e5
Ke8 27. f4 Kd7 28. Kh2 f6 29. d6 fxe5 30. fxe5 exd6 31. Rxd6+ Ke7 32. a5 bxa5
33. Ra6 Rc7 34. Rxa5 Ke6 35. Kg3 Rf7 36. Kg4 h6 37. Ra6+ Kxe5 38. Rxg6 Rf6 39.
Rg7 a6 40. Ra7 Ke4 41. Kh5 1/2-1/2

[Event "Frankfurt Ch A 2016"]
[Site "Ffm-Höchst, BiKuZ"]
[Date "2016.05.30"]
[Round "5.49"]
[White "Lopez, Victor"]
[Black "Schellen, Sven"]
[Result "0-1"]
[WhiteElo "1455"]
[BlackElo "1763"]
[PlyCount "64"]
[EventDate "2016.??.??"]
[WhiteTeam "SC Höchst"]
[BlackTeam "SF Frankfurt"]

1. e4 e5 2. Nf3 Nc6 3. Bc4 Nf6 4. d3 Bc5 5. c3 O-O 6. O-O d5 7. exd5 Nxd5 8.
Bg5 Qd6 9. a4 a5 10. Nbd2 f5 11. d4 exd4 12. Nxd4 Nxd4 13. cxd4 Bb4 14. Qf3 Be6
15. Rfe1 c6 16. Re5 Kh8 17. Bd3 h6 18. Nc4 Qd7 19. Bd2 Rae8 20. Bxb4 Nxb4 21.
Qe2 Qxd4 22. Rxe6 Rxe6 23. Qxe6 Nxd3 24. Rf1 Rf6 25. Qc8+ Kh7 26. Ne3 Nxf2 27.
Rxf2 Qxe3 28. Qd7 Qc1+ 29. Rf1 Qxb2 30. Qd3 Qe5 31. g4 Qe4 32. Qg3 Qxg4 0-1

[Event "Frankfurt Ch A 2016"]
[Site "Ffm-Höchst, BiKuZ"]
[Date "2016.05.30"]
[Round "5.50"]
[White "Fischer, Lutz"]
[Black "Richter, Wolfram"]
[Result "1-0"]
[WhiteElo "1640"]
[BlackElo "1510"]
[PlyCount "91"]
[EventDate "2016.??.??"]
[WhiteTeam "SF Frankfurt"]
[BlackTeam "SK Bad Sooden-Allendorf"]

1. e4 c5 2. Nf3 Nc6 3. Bb5 a6 4. Bxc6 bxc6 5. O-O Nf6 6. e5 Nd5 7. d3 Rb8 8. c4
Nc7 9. Nc3 g6 10. Rb1 Bg7 11. Be3 Ne6 12. Qd2 O-O 13. Bh6 f5 14. Bxg7 Kxg7 15.
Ng5 Nd4 16. f4 d5 17. Qe3 h6 18. Nf3 Ne6 19. cxd5 cxd5 20. d4 Rb4 21. Ne2 c4
22. h4 Kh7 23. b3 Qb6 24. a3 Rxb3 25. Rxb3 cxb3 26. Rb1 b2 27. Qc3 Bd7 28. Rxb2
Qa7 29. Qb3 Bb5 30. Qxd5 Nc7 31. Qb3 Qa8 32. Nc3 Bc6 33. Ne1 Qd8 34. Qb6 Qd7
35. Nf3 e6 36. Qc5 Qe8 37. Rb6 Bxf3 38. Qxc7+ Rf7 39. Qd6 Bh5 40. Qxe6 Qf8 41.
Rxa6 Re7 42. Qd6 Qe8 43. Nd5 Rf7 44. Nf6+ Rxf6 45. Qxf6 g5 46. Ra7+ 1-0

[Event "Frankfurt Ch A 2016"]
[Site "Ffm-Höchst, BiKuZ"]
[Date "2016.05.30"]
[Round "5.51"]
[White "Staeger, Tim"]
[Black "Kletzerman, Simon"]
[Result "1-0"]
[WhiteElo "1621"]
[BlackElo "1509"]
[PlyCount "45"]
[EventDate "2016.??.??"]
[WhiteTeam "SF Frankfurt"]
[BlackTeam "TuS Makkabi"]

1. e4 e5 2. Nf3 Nf6 3. Nxe5 d6 4. Nf3 Nxe4 5. d4 Be7 6. Bd3 Nf6 7. h3 Be6 8.
O-O Nbd7 9. c4 c6 10. Nc3 d5 11. Ng5 O-O 12. Nxe6 fxe6 13. Re1 dxc4 14. Bxc4
Nd5 15. Rxe6 N7f6 16. Qe2 Rf7 17. Bg5 Kf8 18. Re1 Bb4 19. Bxf6 Nxc3 20. bxc3
Rxf6 21. cxb4 Rxe6 22. Qxe6 Qf6 23. Qg8# 1-0

[Event "Frankfurt Ch A 2016"]
[Site "Ffm-Höchst, BiKuZ"]
[Date "2016.05.30"]
[Round "5.52"]
[White "Lessmann, Sven"]
[Black "Löhr, Holger"]
[Result "1-0"]
[WhiteElo "1401"]
[BlackElo "1556"]
[PlyCount "45"]
[EventDate "2016.??.??"]
[WhiteTeam "SC Bad Soden"]
[BlackTeam "SF Braunfels"]

1. d4 d5 2. c4 dxc4 3. Nc3 e6 4. e3 Bb4 5. Bxc4 a6 6. Nf3 Nf6 7. Qc2 O-O 8. O-O
b5 9. Bd3 c5 10. dxc5 Qc7 11. Ne4 Nfd7 12. Neg5 h6 13. Nh7 Re8 14. b3 Bxc5 15.
Bb2 Bd6 16. Qd2 f5 17. Rac1 Qb6 18. Qc3 e5 19. Bxf5 b4 20. Qc4+ Kh8 21. Qf7 Qd8
22. Rxc8 Qxc8 23. Nh4 1-0

[Event "Frankfurt Ch A 2016"]
[Site "Ffm-Höchst, BiKuZ"]
[Date "2016.05.30"]
[Round "5.53"]
[White "Lanz, Jürgen"]
[Black "Kiel, Gerhard"]
[Result "0-1"]
[WhiteElo "1554"]
[BlackElo "1466"]
[PlyCount "38"]
[EventDate "2016.??.??"]
[WhiteTeam "SC Hattersheim"]
[BlackTeam "vereinslos"]

1. d4 g6 2. c4 Bg7 3. Nc3 d6 4. f3 e5 5. d5 Qh4+ 6. g3 Qxc4 7. e4 Qb4 8. a3 Qb6
9. Qc2 c6 10. b4 Ne7 11. Na4 Qd8 12. dxc6 Nexc6 13. Be3 O-O 14. Rc1 Be6 15. Bc4
Qe7 16. b5 Nd4 17. Bxd4 exd4 18. Qd3 Nd7 19. Ne2 Ne5 0-1

[Event "Frankfurt Ch A 2016"]
[Site "Ffm-Höchst, BiKuZ"]
[Date "2016.05.30"]
[Round "5.54"]
[White "Gude, Michael"]
[Black "Odabasi, Siddik"]
[Result "0-1"]
[WhiteElo "1532"]
[BlackElo "1393"]
[PlyCount "68"]
[EventDate "2016.??.??"]
[WhiteTeam "SF Fürth"]
[BlackTeam "Frankfurter TV"]

1. e4 e6 2. d4 d5 3. Nd2 dxe4 4. Nxe4 Nd7 5. Nf3 Ndf6 6. Bd3 Nxe4 7. Bxe4 Nf6
8. Bd3 b6 9. O-O Bb7 10. Re1 Be7 11. c3 O-O 12. Bg5 Nd5 13. Bxe7 Qxe7 14. Qc2
g6 15. Qd2 Qf6 16. Ne5 Rad8 17. g3 Ne7 18. Be4 Bxe4 19. Rxe4 c5 20. Ng4 Qg7 21.
Nh6+ Kh8 22. Rd1 g5 23. Ng4 f5 24. Rxe6 fxg4 25. Qe2 Ng6 26. dxc5 Rxd1+ 27.
Qxd1 Qf7 28. Qd4+ Kg8 29. Re4 bxc5 30. Qxc5 Qxa2 31. Qc4+ Qxc4 32. Rxc4 Ne5 33.
Rc5 Nf3+ 34. Kf1 Re8 0-1

[Event "Frankfurt Ch A 2016"]
[Site "Ffm-Höchst, BiKuZ"]
[Date "2016.05.30"]
[Round "5.55"]
[White "Rätsch, Kurt"]
[Black "Lehmann, Gerit"]
[Result "0-1"]
[WhiteElo "1790"]
[BlackElo "1516"]
[PlyCount "132"]
[EventDate "2016.??.??"]
[WhiteTeam "SF Schöneck"]
[BlackTeam "SF Frankfurt"]

1. e4 d5 2. exd5 Nf6 3. d4 Nxd5 4. c4 Nf6 5. Nf3 Bf5 6. Nc3 e6 7. Qb3 b6 8. Nh4
Qxd4 9. Nxf5 exf5 10. Be2 Bc5 11. Be3 Qe5 12. Bxc5 Qxc5 13. Na4 Qa5+ 14. Nc3
O-O 15. O-O Na6 16. a3 Nc5 17. Qc2 Nce4 18. b4 Qe5 19. Nb5 c6 20. f4 Qe7 21.
Nd4 Qd7 22. Rad1 g6 23. Nf3 Qc7 24. Ne5 Rad8 25. a4 c5 26. b5 Rxd1 27. Rxd1 Rd8
28. Bf3 Rd6 29. g3 Kf8 30. Kg2 h6 31. Rd3 Nd7 32. Nxd7+ Qxd7 33. Rxd6 Nxd6 34.
Qd3 Qe6 35. Bd5 Qf6 36. Bf3 Qd4 37. Qc2 Nxc4 38. Qa2 Qd2+ 39. Qxd2 Nxd2 40. Bd1
Ne4 41. Kf3 Ke7 42. Bc2 Nc3 43. Bb3 f6 44. Ke3 Ne4 45. Bc2 Nd6 46. h4 Kd7 47.
Bd3 Ke6 48. Be2 Kd5 49. Kd3 c4+ 50. Kc3 Kc5 51. Bf3 Ne4+ 52. Bxe4 fxe4 53. g4
e3 54. g5 hxg5 55. f5 gxf5 56. h5 e2 57. Kd2 c3+ 58. Kxe2 g4 59. h6 g3 60. h7
g2 61. Kf2 c2 62. h8=Q g1=Q+ 63. Kxg1 c1=Q+ 64. Kf2 Qf4+ 65. Ke2 Qe5+ 66. Kd2
Qd4+ 0-1

[Event "Frankfurt Ch A 2016"]
[Site "Ffm-Höchst, BiKuZ"]
[Date "2016.05.30"]
[Round "5.56"]
[White "Popp, Matthias"]
[Black "Ketting, Douwe"]
[Result "1/2-1/2"]
[WhiteElo "1534"]
[BlackElo "1451"]
[PlyCount "60"]
[EventDate "2016.??.??"]
[WhiteTeam "SC Bergen-Enkheim"]
[BlackTeam "SC Somborn"]

1. d4 Nf6 2. Nf3 g6 3. Bf4 Bg7 4. e3 O-O 5. Nbd2 d5 6. Bd3 c5 7. c3 Nc6 8. O-O
cxd4 9. exd4 Nh5 10. Be3 Qc7 11. Re1 Re8 12. Rc1 e5 13. dxe5 Nxe5 14. Bb5 Bd7
15. Bxd7 Nxd7 16. Nb3 Nb6 17. Bxb6 Rxe1+ 18. Nxe1 axb6 19. a3 Rd8 20. Nd4 Qd7
21. Qf3 Nf6 22. Nec2 Re8 23. Re1 Rxe1+ 24. Nxe1 Ne4 25. Qf4 Bxd4 26. cxd4 Nd6
27. b3 Nb5 28. Nc2 Qc6 29. Qb8+ Kg7 30. Qe5+ Kg8 1/2-1/2

[Event "Frankfurt Ch A 2016"]
[Site "Ffm-Höchst, BiKuZ"]
[Date "2016.05.30"]
[Round "5.57"]
[White "Grams, Thilo"]
[Black "Bernhardt, Winfried"]
[Result "1-0"]
[WhiteElo "1388"]
[BlackElo "1411"]
[PlyCount "92"]
[EventDate "2016.??.??"]
[WhiteTeam "SC Ketsch"]
[BlackTeam "SV Nauheim"]

1. Nf3 d5 2. g3 Nc6 3. Bg2 Nf6 4. O-O e6 5. d3 Be7 6. Nbd2 O-O 7. e4 dxe4 8.
dxe4 e5 9. Qe2 Nd4 10. Nxd4 Qxd4 11. Nb3 Qb6 12. Be3 Qe6 13. Rad1 b6 14. f3 a5
15. c4 Ba6 16. Rc1 a4 17. Nd2 c5 18. f4 Nd7 19. f5 Qc6 20. g4 b5 21. g5 f6 22.
g6 Rfb8 23. Qh5 Nf8 24. Rf3 hxg6 25. fxg6 Qe8 26. Rg3 bxc4 27. Bh3 Bc8 28. Bxc8
Rxc8 29. Nxc4 Rc6 30. Rf1 f5 31. Nxe5 Rf6 32. exf5 Bd6 33. Rh3 Nxg6 34. Qh7+
Kf8 35. Nxg6+ Kf7 36. Qh5 Kg8 37. Qh8+ Kf7 38. Qh5 Kg8 39. Qf3 Rb8 40. Rh8+ Kf7
41. Rxe8 Kxe8 42. Qc6+ Kf7 43. Qd7+ Kg8 44. Rf3 Rxb2 45. Rh3 Rxg6+ 46. fxg6 Rd2
1-0

[Event "Frankfurt Ch B 2016"]
[Site "Ffm-Höchst, BiKuZ"]
[Date "2016.05.30"]
[Round "5.1"]
[White "Brand, Achim"]
[Black "Wich, Manuela"]
[Result "1-0"]
[WhiteElo "1335"]
[BlackElo "1493"]
[PlyCount "128"]
[EventDate "2016.??.??"]
[WhiteTeam "SVG Echzell"]
[BlackTeam "Niederräder TG"]

1. e4 c6 2. Nf3 d5 3. exd5 cxd5 4. d4 Nc6 5. h3 Qc7 6. Nc3 Nf6 7. Bb5 Bf5 8.
O-O e6 9. Re1 Bd6 10. Bg5 Ne4 11. Nxe4 Bxe4 12. c4 O-O 13. c5 Bf4 14. Bxf4 Qxf4
15. Bxc6 Bxf3 16. Qxf3 Qxf3 17. gxf3 bxc6 18. b4 Rfb8 19. Rab1 a5 20. bxa5 g6
21. Rb6 Rc8 22. a6 Ra7 23. Re3 h5 24. h4 Rcc7 25. Kg2 Kg7 26. Kg3 Kh6 27. Kf4
Rc8 28. Ra3 f6 29. Rb7 g5+ 30. Kg3 Rca8 31. Rb6 Rc8 32. Re3 e5 33. dxe5 d4 34.
Re1 d3 35. f4 d2 36. Rd1 Rd7 37. fxg5+ fxg5 38. hxg5+ Kxg5 39. f4+ Kf5 40. a7
h4+ 41. Kf2 Rxa7 42. Rxd2 Ra4 43. Rb7 Rxf4+ 44. Ke1 Rg8 45. Re2 Rg1+ 46. Kd2
Ke6 47. Rb6 Kd5 48. e6 Rd4+ 49. Kc2 Rg8 50. e7 Re8 51. Rb7 Kxc5 52. Re6 Rg4 53.
Rc7 Rg2+ 54. Kd3 Rg3+ 55. Ke2 Rg2+ 56. Kf1 Rxa2 57. Rcxc6+ Kd5 58. Rcd6+ Kc5
59. Rd8 Ra1+ 60. Kg2 Ra2+ 61. Kh3 Ra3+ 62. Kxh4 Ra4+ 63. Kg5 Ra8 64. Rxa8 Rxa8
1-0

[Event "Frankfurt Ch B 2016"]
[Site "Ffm-Höchst, BiKuZ"]
[Date "2016.05.30"]
[Round "5.2"]
[White "Wöhl, Torsten"]
[Black "Hagel, Stephan"]
[Result "0-1"]
[WhiteElo "1363"]
[BlackElo "1388"]
[PlyCount "70"]
[EventDate "2016.??.??"]
[WhiteTeam "SC Groß-Zimmern"]
[BlackTeam "SK Hungen"]

1. d4 Nf6 2. Bf4 e6 3. e3 c5 4. c3 Nc6 5. Nf3 d5 6. h3 Bd6 7. Bh2 Bxh2 8. Nxh2
c4 9. b3 b5 10. bxc4 bxc4 11. Qf3 O-O 12. Be2 Qa5 13. Bxc4 Ne4 14. O-O Nxc3 15.
Nxc3 Qxc3 16. Rfc1 Qa5 17. Bd3 Nb4 18. Rc5 Qa3 19. Bc4 Rb8 20. Bb3 Qb2 21. Qd1
Ba6 22. Rb1 Qa3 23. Qd2 Rfc8 24. Nf3 Rxc5 25. dxc5 Nd3 26. c6 Rc8 27. Nd4 Ne5
28. Qc3 Bc4 29. f4 Nxc6 30. Nc2 Qa5 31. Qb2 Bxb3 32. axb3 h6 33. Ra1 Qd2 34.
Qc1 Qxc1+ 35. Rxc1 Nb4 0-1

[Event "Frankfurt Ch B 2016"]
[Site "Ffm-Höchst, BiKuZ"]
[Date "2016.05.30"]
[Round "5.3"]
[White "Pessotschinski, Eduard"]
[Black "Manasek, Martin"]
[Result "0-1"]
[WhiteElo "1040"]
[BlackElo "1311"]
[PlyCount "46"]
[EventDate "2016.??.??"]
[WhiteTeam "TuS Makkabi"]
[BlackTeam "Bad Vilbeler Sfr"]

1. d4 d5 2. c4 c6 3. Nc3 Nf6 4. Nf3 g6 5. Bf4 Bg7 6. e3 O-O 7. c5 Bg4 8. Be2
Nbd7 9. h3 Bxf3 10. Bxf3 Re8 11. O-O e5 12. Bg5 exd4 13. exd4 h6 14. Bh4 b6 15.
b4 bxc5 16. dxc5 Ne5 17. Re1 Nxf3+ 18. Qxf3 g5 19. Bg3 Ne4 20. Rac1 Nxc3 21.
Rxe8+ Qxe8 22. Rxc3 Qe1+ 23. Kh2 Qxc3 0-1

[Event "Frankfurt Ch B 2016"]
[Site "Ffm-Höchst, BiKuZ"]
[Date "2016.05.30"]
[Round "5.4"]
[White "Grünzig, Matthias"]
[Black "Both, Günter"]
[Result "1/2-1/2"]
[WhiteElo "1256"]
[BlackElo "1477"]
[PlyCount "83"]
[EventDate "2016.??.??"]
[WhiteTeam "FV Berkersheim"]
[BlackTeam "SK Bischofsheim"]

1. d4 d5 2. c4 e6 3. Nc3 Nf6 4. Bg5 Be7 5. e3 c6 6. Nf3 Nbd7 7. cxd5 exd5 8.
Bd3 O-O 9. O-O h6 10. Bh4 Re8 11. Rc1 Ne4 12. Bxe7 Qxe7 13. a3 Ndf6 14. h3 Bf5
15. Ne2 g5 16. Nd2 Nxf2 17. Rxf2 Bxd3 18. Nf1 Bg6 19. Neg3 Ne4 20. Nxe4 Qxe4
21. Rc3 f5 22. Ng3 Qe6 23. Qf1 Rf8 24. Ne2 Rf7 25. g3 Qe4 26. Nc1 Qe6 27. Ne2
a5 28. b3 Qd6 29. Qc1 Re8 30. Rf1 Rfe7 31. Kf2 Bh5 32. Re1 Qe6 33. Ng1 Qe4 34.
Qd2 Rd8 35. Qd3 Qxd3 36. Rxd3 Rde8 37. Ne2 Bxe2 38. Rxe2 f4 39. gxf4 gxf4 40.
Kf3 Re4 41. Rg2+ Kh7 42. exf4 1/2-1/2

[Event "Frankfurt Ch B 2016"]
[Site "Ffm-Höchst, BiKuZ"]
[Date "2016.05.30"]
[Round "5.5"]
[White "Mayer, Rolf"]
[Black "Winter, Thomas"]
[Result "1-0"]
[WhiteElo "1259"]
[BlackElo "1359"]
[PlyCount "89"]
[EventDate "2016.??.??"]
[WhiteTeam "SC Flörsheim"]
[BlackTeam "SC Steinbach"]

1. d4 d6 2. Nf3 Nf6 3. h3 g6 4. Bf4 Bg7 5. e3 O-O 6. c3 Nc6 7. Nbd2 a6 8. a4 b6
9. Bc4 d5 10. Ba2 Bb7 11. O-O Re8 12. Re1 Nb8 13. Ne5 Nbd7 14. Nxd7 Qxd7 15.
Qc2 Rac8 16. Nf3 c5 17. Ne5 Qd8 18. dxc5 Rxc5 19. Rad1 Qc8 20. Qb3 Qe6 21. Qc2
Qc8 22. Qb1 e6 23. Nd3 Rc6 24. Ne5 Rc5 25. Nd3 Ra5 26. Qc2 Qc6 27. Ne5 Qxa4 28.
Qxa4 Rxa4 29. Bb3 Ra5 30. Ra1 Rc5 31. Nd3 Rcc8 32. Rac1 Rcd8 33. Be5 Ne4 34.
Bxg7 Kxg7 35. Rc2 a5 36. f3 Ng3 37. Kf2 Nf5 38. Ba4 Re7 39. Ne5 Rc7 40. Rd1 f6
41. Nd3 Ba6 42. Nf4 b5 43. Nxe6+ Kg8 44. Nxc7 bxa4 45. Nxa6 1-0

[Event "Frankfurt Ch B 2016"]
[Site "Ffm-Höchst, BiKuZ"]
[Date "2016.05.30"]
[Round "5.7"]
[White "Giebitz, Walter"]
[Black "Dröser, Wolfgang"]
[Result "1-0"]
[WhiteElo "1326"]
[BlackElo "1190"]
[PlyCount "109"]
[EventDate "2016.??.??"]
[WhiteTeam "SC Steinbach"]
[BlackTeam "SF Frankfurt"]

1. e4 d6 2. Nc3 g6 3. Bc4 Bg7 4. Nge2 c6 5. d3 h6 6. h3 Qc7 7. a3 e5 8. f4 Ne7
9. fxe5 dxe5 10. O-O f5 11. Be3 f4 12. Bf2 g5 13. Nc1 h5 14. d4 Qd6 15. Nb3 b6
16. dxe5 Qxd1 17. Raxd1 Bxe5 18. Bd4 Ng6 19. Bxe5 Nxe5 20. Rd6 Nxc4 21. Rg6 f3
22. Rxf3 Ne5 23. Rff6 Nxg6 24. Rxg6 g4 25. h4 Kf7 26. Rd6 Re8 27. Nd4 Bb7 28.
Kf2 c5 29. Ndb5 Na6 30. Rd7+ Re7 31. Nd6+ Ke6 32. Rxe7+ Kxe7 33. Nxb7 Rf8+ 34.
Ke3 Rb8 35. Nd5+ Kf7 36. Nd6+ Ke6 37. Nf5 Rh8 38. Kf4 Kf7 39. Kg5 Nb8 40. Ng3
Nd7 41. Nxh5 Ne5 42. Ng3 Ke6 43. Nf5 Rg8+ 44. Kf4 g3 45. b3 Rg4+ 46. Ke3 Nc6
47. Nf4+ Ke5 48. Nd3+ Ke6 49. Kf3 Rg8 50. c3 Rd8 51. Nf4+ Kd7 52. Nd5 Ne5+ 53.
Kxg3 Rg8+ 54. Kh3 Ng6 55. Nf6+ 1-0

[Event "Frankfurt Ch B 2016"]
[Site "Ffm-Höchst, BiKuZ"]
[Date "2016.05.30"]
[Round "5.8"]
[White "Schäfer, Dieter"]
[Black "Ratfai, Miksa"]
[Result "1-0"]
[WhiteElo "1326"]
[BlackElo "947"]
[PlyCount "77"]
[EventDate "2016.??.??"]
[WhiteTeam "SV Ffm-Griesheim"]
[BlackTeam "SC Bad Soden"]

1. e4 e5 2. Nf3 Nc6 3. Bb5 d6 4. Bxc6+ bxc6 5. Nc3 Nf6 6. h3 d5 7. d3 Bd6 8.
Bg5 Be6 9. O-O h6 10. Bh4 O-O 11. Re1 Re8 12. Qd2 Rb8 13. b3 Bd7 14. exd5 cxd5
15. Nxd5 g5 16. Bxg5 hxg5 17. Qxg5+ Kh8 18. Qh6+ Kg8 19. Nxf6+ Qxf6 20. Qxf6
Re6 21. Qh4 Be7 22. Qg3+ Rg6 23. Qh2 Bd6 24. Nxe5 Rd8 25. Re2 Kg7 26. Rae1 Rh8
27. Kf1 Rhh6 28. Re3 Kh7 29. Rg3 Rf6 30. Nxd7 Bxg3 31. Qxg3 Rhg6 32. Nxf6+ Rxf6
33. Re8 Rg6 34. Qh4+ Rh6 35. Qe7 Kg7 36. Qf8+ Kg6 37. Qg8+ Kh5 38. Re5+ Kh4 39.
Qg4# 1-0

[Event "Frankfurt Ch B 2016"]
[Site "Ffm-Höchst, BiKuZ"]
[Date "2016.05.30"]
[Round "5.9"]
[White "Mook, Karl-Jürgen"]
[Black "Peschk, Kathrin"]
[Result "1/2-1/2"]
[WhiteElo "1329"]
[BlackElo "1131"]
[PlyCount "97"]
[EventDate "2016.??.??"]
[WhiteTeam "SC Sulzbach"]
[BlackTeam "SV Groß-Gerau"]

1. Nf3 d5 2. d4 e6 3. c4 c6 4. e3 f5 5. Bd3 Nf6 6. O-O Bd6 7. b3 Nbd7 8. Bb2
O-O 9. Ne5 Ne4 10. Nd2 Nxd2 11. Qxd2 Nf6 12. Qe2 Bd7 13. Rfd1 Bc7 14. Qc2 Be8
15. Rac1 Rc8 16. cxd5 cxd5 17. Qe2 Bxe5 18. Rxc8 Qxc8 19. Rc1 Qd7 20. dxe5 Ne4
21. f3 Ng5 22. f4 Ne4 23. Bxe4 dxe4 24. Qc2 Qc6 25. Kf2 Qxc2+ 26. Rxc2 Bc6 27.
Rd2 Re8 28. h3 Re7 29. Ba3 Rd7 30. Bb4 Rxd2+ 31. Bxd2 Kf7 32. g4 g6 33. Kg3 Bb5
34. a3 Be2 35. g5 Bd1 36. b4 Be2 37. Kf2 Bb5 38. Ke1 Ke7 39. Kd1 Kd7 40. Kc2
Kc6 41. Kc3 Kd5 42. h4 Be8 43. Kb3 a6 44. Kc3 Bb5 45. Bc1 Be8 46. Bb2 Bb5 47.
Kb3 Be8 48. Bd4 b5 49. Kc3 1/2-1/2

[Event "Frankfurt Ch B 2016"]
[Site "Ffm-Höchst, BiKuZ"]
[Date "2016.05.30"]
[Round "5.10"]
[White "Blank, Martina"]
[Black "Nebel, Marcel"]
[Result "0-1"]
[WhiteElo "955"]
[BlackElo "1210"]
[PlyCount "52"]
[EventDate "2016.??.??"]
[WhiteTeam "vereinslos"]
[BlackTeam "SF Friedberg"]

1. e4 e6 2. d4 d5 3. Nc3 c5 4. Nf3 Nc6 5. Bb5 c4 6. Ne5 Nge7 7. Bg5 Qb6 8. Bxe7
Bxe7 9. exd5 exd5 10. Nxd5 Qa5+ 11. c3 Bd7 12. Bxc4 Nxe5 13. dxe5 Bc6 14. O-O
Rd8 15. Re1 Bxd5 16. Bxd5 Rxd5 17. Qh5 O-O 18. f4 Qb6+ 19. Kh1 Rd2 20. b4 Rfd8
21. h4 Rf2 22. f5 Qc6 23. Rg1 Qxc3 24. e6 fxe6 25. fxe6 Qf6 26. Rgf1 Rxf1+ 0-1

[Event "Frankfurt Ch B 2016"]
[Site "Ffm-Höchst, BiKuZ"]
[Date "2016.05.30"]
[Round "5.11"]
[White "Klein, Simon"]
[Black "Overkamp, Rüdiger"]
[Result "0-1"]
[WhiteElo "1083"]
[BlackElo "1198"]
[PlyCount "50"]
[EventDate "2016.??.??"]
[WhiteTeam "SF Frankfurt"]
[BlackTeam "SF Heidelberg"]

1. e4 e5 2. Nf3 Nc6 3. Bc4 Nf6 4. Ng5 d5 5. exd5 Nxd5 6. Nxf7 Kxf7 7. Qf3+ Qf6
8. Bxd5+ Ke7 9. Bxc6 Qxc6 10. Qxc6 bxc6 11. d3 Ba6 12. Bg5+ Ke8 13. Nd2 Bc5 14.
Nc4 Bxc4 15. dxc4 Rb8 16. Rd1 Rf8 17. O-O Rxb2 18. Rd8+ Kf7 19. Rd7+ Kg6 20.
Bd8 Rxc2 21. g4 Rxa2 22. Bxc7 Bd4 23. Rb1 Rfxf2 24. Rb8 Rxh2+ 25. Kf1 Rh1# 0-1